000
00300nam a22001337a 4500
008
181018b xxu||||| |||| 00| 0 eng d
020
_a
9781453319437
041
_a
eng
080
_a
331.101
100
_a
52
101
_a
BNJ
245
_a
Human Resource Management
_c
Laura.d.p
942
_2
udc
_c
BK
999
_c
50098
_d
50098